| 000 | 01933 a2200229 4500 | ||
|---|---|---|---|
| 001 | 46004 | ||
| 005 | 20260407155733.0 | ||
| 008 | 260407a1981 arg spa d | ||
| 003 | AR-UNSa-BCEJYS | ||
| 040 |
_aAR-UNSa-BCEJYS _bspa _cAR-UNSa-BCEJYS |
||
| 080 |
_a330.14 _xCapital |
||
| 245 | 1 | 0 |
_aEl capital 4 _pcrítica de la economía política |
| 264 | 1 |
_aMéxico : _bGrijalbo _c1981 |
|
| 300 |
_a146 p. _c23 cm. |
||
| 505 | _aVOL. IV. Libro Primero: EL PROCESO DE LA PRODUCCIÓN DEL CAPITAL: Sección Tercera: LA PRODUCCIÓN DE LA PLUSVALIA ABSOLUTA: Capítulo quinto: Proceso de trabajo y proceso de valorización: 1. Proceso de trabajo – 2. Proceso de valorización - - Capitulo sexto: Capital constante y capital variable - - Capítulo séptimo: La cuota de la plusvalía: 1. El grado de explotación de la fuerza de trabajo – 2. Exposición del valor del producto en partes proporcionales del producto – 3. La “ultima hora” de Senior – 4. El plusproducto - - Capítulo octavo: La jornada de trabajo: 1. Los límites de la jornada de trabajo – 2. El hombre voraz del plustrabajo. Fabricante y boyardo – 3. Ramas industriales inglesas sin limitación legal de la explotación – 4. Trabajo diurno y nocturno. El sistema de turnos – 5. La lucha por la jornada de trabajo desde la mitad del siglo XIV hasta el final del siglo XVIII – 6. La lucha por la jornada de trabajo normal. Limitación del tiempo de trabajo por la fuerza de la ley. La legislación fabril inglesa de 1833-1864 – 7. La lucha por la jornada de trabajo normal. Repercusión de la legislación fabril inglesa en otros países - - Capitulo noveno: Cuota y masa de la plusvalía. | ||
| 041 | _aspa | ||
| 942 | _cBK | ||
| 590 | _aniveau_biblio:m niveau_hierar:0 | ||
| 100 | 1 | _aSacristán, Manuel | |
| 700 | 1 | _aMarx, Carlos | |
| 856 | 4 | 1 |
_uhttps://www.biblioeco.unsa.edu.ar/pmb/images/libros/L127241.jpg _yImagen de portada _qimage/jpeg |
| 999 |
_c4106 _d4106 |
||